Escriba mejor y sólo lo importante

Na minha lista:
Detalhes bibliográficos
Autor principal: Couchaere, Marie Josee (Author)
Formato: Livro
Idioma:espanhol
Publicado em: Buenos Aires Vergara-Gránica 1991
Assuntos:
Tags: Adicionar Tag
Sem tags, seja o primeiro a adicionar uma tag!

MARC

LEADER 00000nam a2200000 a 4500
001 UCY5033
003 CL-VaPUC
008 950410e19910000AG |||||||||||||||||spa|d
082 0 4 |a 411  |b COU  |2 21 
100 0 |a Couchaere, Marie Josee  |e author  |9 333608 
245 1 0 |a Escriba mejor y sólo lo importante 
300 |a 19 p 
942 |c BK 
945 |d 19950410 00:00:00  |a rbrito 
260 |a Buenos Aires  |b Vergara-Gránica  |c 1991 
650 7 |a REDACCION DE INFORMES  |2 CL-VaPUC  |9 333609 
650 0 |a Arte de escribir  |9 316418 
583 |a last modification  |c 19950410 00:00:00  |k Rodrigo Vera 
999 |c 232766  |d 232764 
952 |0 0  |1 0  |4 0  |6 411_000000000000000_COU_1991  |7 0  |8 A  |9 237640  |a BIBCUR  |b BIBCUR  |d 2019-11-15  |i 3074420  |o 411 COU 1991  |p 3074420  |r 2025-04-22  |w 2019-11-15  |y BK  |k PER